| 000 | 00961nam a2200289 a 4500 | ||
|---|---|---|---|
| 001 | 000001754 | ||
| 003 | DO-SdBNP | ||
| 005 | 20211125070223.0 | ||
| 008 | 090626s2008 dr r 000 0 spa d | ||
| 020 | _a9789945162356 | ||
| 040 |
_aDO-SdBNP _bspa _cBPMSU |
||
| 082 |
_a341.767 _bM878d 2008 _222 |
||
| 100 | 1 |
_aMorrison, Mateo, _d1947- |
|
| 245 | 1 | 0 |
_aDerecho y relaciones internacionales / _cMateo Morrison. |
| 260 |
_aSanto Domingo : _bBúho, _c2008. |
||
| 300 |
_a59 p. ; _c22 cm. |
||
| 500 | _aIncluye datos biográficos del autor en la contracubierta | ||
| 504 | _aBibliografía : p. 53-59. | ||
| 590 | _aInventariado, 2021/VM | ||
| 650 | 4 |
_aDerechos culturales _xEnsayos, conferencias, etc. |
|
| 650 | 4 | _aDerechos civiles | |
| 650 | 4 | _aDerecho y sociedad | |
| 650 | 4 |
_aDerecho _xEnsayos, conferencias, etc. |
|
| 650 | 4 |
_aRepública dominicana _xRelaciones exteriores _xEnsayos, conferencias, etc. |
|
| 910 | _aVMateo V. | ||
| 942 |
_2ddc _cBK |
||
| 999 |
_c13900 _d13900 |
||